000 00310nam a22001337a 4500
008 190305b xxu||||| |||| 00| 0 eng d
020 _a9780723431824
041 _aeng
080 _a616.5
100 _a7
101 _aDER
245 _aObstetric and Gynecologic Dermatology
_cMcKay, M.B.M
942 _2udc
_cBK
999 _c54558
_d54558